00589nam a2200157 a 450000100100000000500170001000800410002704000250006811000570009324500260015026000740017630000500025004900090030095201050030999900170041400003009420220823125740.0110405s1975 dr abcd 000 0 spa d aDO-SdBNPbspacBNPHU2 aBanco de Reservas de la República Dominicana9628510aInforme anual 1975 /. cSanto Domingo :bBanco de Reservas,c[1975].fEditora Amigo del Hogar a47 p. :bil., gráf., map., retrs. ;c28 cm. aBNPD 0010718PDaPDbPDcCTd2011-04-29iLF1l0o p30094-10r2020-06-25w2020-06-25yLFPDZNo se presta c29586d29586